<?xml version="1.0" encoding="UTF-8"?>
<record
    xmlns:xsi="http://www.w3.org/2001/XMLSchema-instance"
    xsi:schemaLocation="http://www.loc.gov/MARC21/slim http://www.loc.gov/standards/marcxml/schema/MARC21slim.xsd"
    xmlns="http://www.loc.gov/MARC21/slim">

  <leader>00583nam a22001937a 4500</leader>
  <controlfield tag="008">240619b        mp ||||| |||| 00| 0 mon d</controlfield>
  <datafield tag="035" ind1=" " ind2=" ">
    <subfield code="a">548290</subfield>
  </datafield>
  <datafield tag="040" ind1=" " ind2=" ">
    <subfield code="a">HO1084140</subfield>
    <subfield code="b">mon</subfield>
    <subfield code="c">MN-UlNLM</subfield>
    <subfield code="d">MN-UlNLM</subfield>
    <subfield code="e">rda</subfield>
  </datafield>
  <datafield tag="041" ind1=" " ind2=" ">
    <subfield code="a">mon</subfield>
  </datafield>
  <datafield tag="082" ind1=" " ind2=" ">
    <subfield code="2">10-t</subfield>
    <subfield code="a">891.4</subfield>
    <subfield code="b">&#x427; 18</subfield>
  </datafield>
  <datafield tag="100" ind1=" " ind2=" ">
    <subfield code="a">&#x427;&#x430;&#x43D;&#x434;&#x430;&#x440; &#x41A;.</subfield>
  </datafield>
  <datafield tag="245" ind1=" " ind2="0">
    <subfield code="a">&#x423;&#x440;&#x443;&#x443;&#x433;&#x430;&#x430; &#x443;&#x440;&#x433;&#x430;&#x441;&#x430;&#x43D; &#x43C;&#x43E;&#x434;</subfield>
  </datafield>
  <datafield tag="264" ind1=" " ind2=" ">
    <subfield code="a">&#x423;&#x43B;&#x430;&#x430;&#x43D;&#x431;&#x430;&#x430;&#x442;&#x430;&#x440;</subfield>
    <subfield code="b">&#x423;&#x43B;&#x441;&#x44B;&#x43D; &#x445;&#x44D;&#x432;&#x43B;&#x44D;&#x43B;&#x438;&#x439;&#x43D; &#x433;&#x430;&#x437;&#x430;&#x440;</subfield>
    <subfield code="c">1958</subfield>
  </datafield>
  <datafield tag="300" ind1=" " ind2=" ">
    <subfield code="a">88&#x445;.</subfield>
  </datafield>
  <datafield tag="336" ind1=" " ind2=" ">
    <subfield code="2">rdacontent</subfield>
    <subfield code="a">text</subfield>
    <subfield code="b">txt</subfield>
  </datafield>
  <datafield tag="337" ind1=" " ind2=" ">
    <subfield code="2">rdamedia</subfield>
    <subfield code="a">unmediated</subfield>
    <subfield code="b">n</subfield>
  </datafield>
  <datafield tag="338" ind1=" " ind2=" ">
    <subfield code="2">rdacarrier</subfield>
    <subfield code="a">volume</subfield>
    <subfield code="b">nc</subfield>
  </datafield>
  <datafield tag="942" ind1=" " ind2=" ">
    <subfield code="2">10-t</subfield>
    <subfield code="c">BK</subfield>
  </datafield>
  <datafield tag="952" ind1=" " ind2=" ">
    <subfield code="0">0</subfield>
    <subfield code="1">0</subfield>
    <subfield code="4">0</subfield>
    <subfield code="6">8914&#x427;_18</subfield>
    <subfield code="7">0</subfield>
    <subfield code="8">HO1082</subfield>
    <subfield code="a">HO1084140</subfield>
    <subfield code="b">HO1084140</subfield>
    <subfield code="c">HO1082</subfield>
    <subfield code="d">2024-06-29</subfield>
    <subfield code="g">180.00</subfield>
    <subfield code="l">0</subfield>
    <subfield code="o">891.4&#x427; 18</subfield>
    <subfield code="p">HO108548290</subfield>
    <subfield code="r">2024-06-29</subfield>
    <subfield code="t">43066</subfield>
    <subfield code="y">BK</subfield>
  </datafield>
  <datafield tag="999" ind1=" " ind2=" ">
    <subfield code="c">1002225</subfield>
    <subfield code="d">1002282</subfield>
  </datafield>
</record>
